Why men want sex and women need love (Record no. 100950)
[ view plain ]
| 000 -LEADER | |
|---|---|
| fixed length control field | 00475nam a22001697a 4500 |
| 008 - FIXED-LENGTH DATA ELEMENTS--GENERAL INFORMATION | |
| fixed length control field | 210815b |||||||| |||| 00| 0 eng d |
| 020 ## - INTERNATIONAL STANDARD BOOK NUMBER | |
| International Standard Book Number | 9788183221689 |
| 082 ## - DEWEY DECIMAL CLASSIFICATION NUMBER | |
| Classification number | 306.7/P321w |
| 100 ## - MAIN ENTRY--PERSONAL NAME | |
| Personal name | Pease, Allan |
| 245 ## - TITLE STATEMENT | |
| Title | Why men want sex and women need love |
| 260 ## - PUBLICATION, DISTRIBUTION, ETC. | |
| Place of publication, distribution, etc. | Bhopal: |
| Name of publisher, distributor, etc. | Manjul Publishing House, |
| Date of publication, distribution, etc. | 2009 |
| 300 ## - PHYSICAL DESCRIPTION | |
| Extent | xi,265p. ;illus. |
| 504 ## - BIBLIOGRAPHY, ETC. NOTE | |
| Bibliography, etc. note | Bibliography:p.259-265 |
| 650 ## - SUBJECT ADDED ENTRY--TOPICAL TERM | |
| Topical term or geographic name entry element | Man-woman relationships |
| 700 ## - ADDED ENTRY--PERSONAL NAME | |
| Personal name | Pease, Barbara |
| 942 ## - ADDED ENTRY ELEMENTS (KOHA) | |
| Source of classification or shelving scheme | Dewey Decimal Classification |
| Koha item type | General Collections |
| Withdrawn status | Lost status | Source of classification or shelving scheme | Damaged status | Not for loan | Home library | Current library | Shelving location | Date acquired | Total Checkouts | Full call number | Barcode | Date last seen | Date last checked out | Price effective from | Koha item type |
|---|---|---|---|---|---|---|---|---|---|---|---|---|---|---|---|
| Dewey Decimal Classification | Tribhuvan University Central Library | Tribhuvan University Central Library | New Building | 08/15/2021 | 1 | 306.7/P321w | 164944 | 03/10/2022 | 01/28/2022 | 08/15/2021 | General Collections | ||||
| Dewey Decimal Classification | Tribhuvan University Central Library | Tribhuvan University Central Library | New Building | 08/15/2021 | 306.7/P321w | 164945 | 08/15/2021 | 08/15/2021 | General Collections | ||||||
| Dewey Decimal Classification | Tribhuvan University Central Library | Tribhuvan University Central Library | New Building | 02/07/2023 | 1 | 306.7/P321w | 165579 | 05/08/2025 | 02/25/2025 | 02/07/2023 | General Collections | ||||
| Dewey Decimal Classification | Tribhuvan University Central Library | Tribhuvan University Central Library | New Building | 02/07/2023 | 306.7/P321w | 165580 | 02/07/2023 | 02/07/2023 | General Collections |
